00317nam a2200133Ia 4500003000400000005001700004008004000021040000700061041000800068082001200076100001700088245003500105260004300140OSt20220912112851.0210210b1951 xxu||||| |||| 00| 0 eng d cAL aeng a954/406 aSENGUPTA (P) aeveryday life in ancient India aLondonbOxford University Pressc1951